000 01410nam a22003737a 4500
003 CHAP
005 20220329135141.0
008 971013s1961 r 00010 d
010 _a31737
011 _a32709
035 _a36824
040 _cCHAP
082 _a580
_bC76
100 0 0 _aCronquist, Arthur.
_929163
245 _aIntroductory botany
260 _aNew York :
_bHarper & Row,
_c1961
300 _a892 p.
_b: ilus.
590 _aBATCH-UPD
_b10
_c20130110
_lUCH01
_h1819
590 _aBATCH-UPD
_b10
_c20130410
_lUCH01
_h1153
590 _aBATCH-UPD
_b10
_c20130914
_lUCH01
_h0730
590 _aCONVERSION
_b10
_c20130109
_lUCH01
_h1318
650 1 4 _aBotánica.
_914477
901 _aBK
942 _cLIBRO
949 _a580 C76
_bBC
_cLIBRO
_d-84676
_eLIBRO
_h8705
_i36824
_si
949 _a580 C76
_bBC
_cLIBRO
_d33724000424792
_eLIBRO
_fc.2
_h8706
_i36824
_si
949 _a580 C76
_bBC
_cLIBRO
_d33724000424834
_eLIBRO
_fc.4
_h8708
_i36824
_si
949 _a580 C76
_bBC
_cLIBRO
_d33724000424859
_eLIBRO
_fc.8
_h8712
_i36824
_si
949 _a580 C76
_bBC
_cLIBRO
_d33724000424867
_eLIBRO
_fc.7
_h8711
_i36824
_si
949 _a580 C76
_bBC
_cLIBRO
_d33724000424875
_eLIBRO
_fc.3
_h8707
_i36824
_si
949 _a580 C76
_bBC
_cLIBRO
_d33724000424883
_eLIBRO
_fc.9
_h8713
_i36824
_si
949 _a580 C76
_bBC
_cLIBRO
_d33724000905147
_eLIBRO
_fc.5
_h8709
_i36824
_si
949 _a580 C76
_bBC
_cLIBRO
_d33724000918355
_eLIBRO
_fc.6
_h8710
_i36824
_si
999 _c31737
_d31737